| 000 | 00723nam a2200265 i 4500 | ||
|---|---|---|---|
| 001 | CO-MdBIC | ||
| 003 | CO-MdBIC | ||
| 005 | 20220331165740.0 | ||
| 008 | 220217b2005 -usa|||b |||| 00| 0 spa d | ||
| 020 | _a9583018740 | ||
| 040 |
_aCO-MdBIC _bspa. _cCO-MdBIC _dCO-MdBIC |
||
| 041 | _aspa | ||
| 082 |
_222 _a791.43 _bD612b |
||
| 100 |
_aDisney, Walt, _d1901-1966 |
||
| 110 | _aDisney, | ||
| 245 | 0 |
_aBambi _c/ Disney |
|
| 260 | 1 |
_aBogotá,Colombia : _bPanamericana, _c[2005] |
|
| 264 | 4 | _c© 2005 | |
| 300 |
_a[12 paginas] ; _bIlustraciones a color : _c17 cm. |
||
| 490 | _aMis libros puzle | ||
| 505 | 8 | _a[no genera información asociada] | |
| 650 | _xValores familiares, | ||
| 710 | _aDisney | ||
| 942 | _cLGB | ||
| 999 |
_c67249 _d67249 |
||